| 000 | 01533nam a22002537a 4500 | ||
|---|---|---|---|
| 005 | 20170426102422.0 | ||
| 008 | 170426n fr |||fr|||| 000 0 es d | ||
| 040 |
_aCO-BoUCM _bspa _cSandra Yazo _dSandra Yazo |
||
| 041 | 0 | _aspa | |
| 082 |
_220 _a463.31 |
||
| 092 | _aE44N001 | ||
| 100 | 1 |
_aPeñalver, Juan _985379 |
|
| 245 | 1 | 0 |
_aDiccionario de Rima _cpor don Juna Peñalver |
| 250 |
_aNueva edición _bCorregida con arreglo a la ortografía de la académia española |
||
| 260 |
_aParís (Francia) _bCasa editorial Garnier hermanos _c[fecha desconocida] |
||
| 300 |
_a6, 655 páginas _c14 x 10 cm. |
||
| 500 | _aDetalles físicos: Encuadernación rígida en cartón forrado en tela texturizada. Tapas y lomo con repujados en tinta negra y la delantera y el lomo también con dorado. Lomo con rotura y faltante. Guardas. En papel de color. Hoja de cortesía. Anteportada. Portada impresa en una sola tinta con la marca tipográfica de los editores. Texto en una y tres columnas, con caracteres muy pequeños. Tapa posterior desprendida, la delantera con desprendimiento y abollonadura | ||
| 505 | _aAdvertencia ; Diccionario de la rima: A – UZNO ; Nota | ||
| 506 | _aConsulta en sala | ||
| 650 | 7 |
_923806 _aRima española _vDiccionarios |
|
| 650 | 7 |
_919465 _aMétrica y rítmica _vDiccionarios |
|
| 856 | 4 | 1 |
_uhttps://books.google.com.co/books?id=0mE7AAAAYAAJ&printsec=frontcover&hl=es&source=gbs_ge_summary_r&cad=0#v=onepage&q&f=false _zDisponible en línea edición de 1852 |
| 942 |
_2LOCAL _cLIBRO _e1 _hE44N001 |
||
| 999 |
_c306556 _d306556 |
||